000 00460nam a22001937a 4500
005 20251108172610.0
008 250721s1998 xx 000 0 eng d
020 _a751361240
082 1 4 _a947/MUR
100 1 _aMurrell, Kathleen Berton
245 1 0 _aRussia /
264 1 _aLondon :
_bDorling Kindersley,
_c1998.
300 _a61p.
490 0 _aEyewitness guides
_v74
650 1 7 _aRussia
650 1 7 _aHistory
942 _2ddc
_cBK
999 _c83616
_d83616